Dünden yarına Nuri İyem (Record no. 10022)
[ view plain ]
| 000 -BAŞLIK | |
|---|---|
| Sabit Uzunlukta Kontrol Alanı | 01064na a2200325 4500 |
| 001 - KONTROL NUMARASI | |
| Denetim Alanı | 16680 |
| 003 - KONTROL NUMARASI IDENTIFIER | |
| Denetim Alanı | MIRAKIL |
| 005 - SON İŞLEM TARİHİ VE ZAMANI | |
| Denetim Alanı | 20181213155304.0 |
| 008 - SABİT-BOY VERİ ELEMANLARI - GENEL BİLGİLER | |
| Sabit Uzunlukta Kontrol Alanı | 161013b tu 000 0 |
| 020 ## - ULUSLARARASI STANDART KİTAP NUMARASI | |
| Uluslararası Standart Kitap Numarası | 975976704 (c.2.) |
| 020 ## - ULUSLARARASI STANDART KİTAP NUMARASI | |
| Uluslararası Standart Kitap Numarası | 9759767031 (c.1.) |
| 020 ## - ULUSLARARASI STANDART KİTAP NUMARASI | |
| Uluslararası Standart Kitap Numarası | 9759767023 (tk.) |
| 035 ## - SİSTEM KONTROL NUMARASI | |
| Sistem Kontrol Numarası | 16680 |
| 040 ## - KATALOGLAMA KAYNAK | |
| Orijinal Kataloglama Ajansı | Milas |
| Kataloglama Dili | tur |
| Metne Dönüştürmek Ajansı | TR-AnCHP |
| 041 ## - DİL KODU | |
| Metin / Ses Parça Veya Ayrı Başlığın Dil Kodu | tur |
| 082 ## - DEWEY ONLU SINIFLANDIRMA NUMARASI | |
| Sınıflandırma Numarası | 759.9561 |
| Ürün Numarası | İ93d 2002 |
| 090 ## - SINIFLAMA NUMARASI | |
| Sınıflama Numarası | 759.9561 İ93d 2002 |
| 100 ## - ANA GİRİŞ - KİŞİSEL İSİM | |
| Kişisel Ad | İyem, Nuri |
| Bir Adıyla İlişkilendirilen Tarihler | 1915-2005 |
| 245 ## - BAŞLIK TABLOSU | |
| Başlık | Dünden yarına Nuri İyem |
| Başlığın Kalan | Nuri İyem resimleri arşiv ve belgeleme projesi retrospektif sergi |
| Sorumluluk Tablosu, Vb | Yayına hazırlayan Soner Özdemir |
| 246 ## - UNVAN FORM VARYING | |
| Başlık Doğru / Kısa Başlığı | Nuri İyem resimleri arşiv ve belgeleme projesi retrospektif sergi |
| 260 ## - YAYIN, DAĞITIM, VB | |
| Yayın, Dağıtım, Vb Yeri | İstanbul |
| Yayıncı, Dağıtıcı, Vs Adı | Evin Sanat Galerisi |
| Yayın, Dağıtım, Vb Tarihi | 2002 |
| 300 ## - FİZİKSEL TANIM | |
| Kapsam | 2 c. |
| Diğer Fiziksel Ayrıntıları | rnkl. res. ; fotg. |
| Boyutlar | 27 sm. |
| 504 ## - KAYNAKÇA VB NOT | |
| Kaynakça Vb Notu | Dizin var. |
| 600 ## - KONU KATMA GİRİŞ - KURUMSAL ADI | |
| Kişisel Ad | İyem, Nuri |
| Başlıklar Ve Bir Adla İlişkili Diğer Kelimeler | Ressam |
| Genel Alt Bölümü | Kataloglar |
| 600 ## - KONU KATMA GİRİŞ - KURUMSAL ADI | |
| Kişisel Ad | İyem, Nuri |
| Genel Alt Bölümü | Resim sanatı |
| 650 ## - KONU KATMA GİRİŞ - TOPİKAL DÖNEM | |
| Topikal Süreli Veya Coğrafi Ad Giriş Elemanı | Resimler |
| 650 ## - KONU KATMA GİRİŞ - TOPİKAL DÖNEM | |
| Topikal Süreli Veya Coğrafi Ad Giriş Elemanı | Türk ressamlar |
| Genel Alt Bölümü | 20. yüzyıl |
| Kronolojik Alt Bölümü | Yaşamöyküsü |
| 700 ## - KATMA GİRİŞ - KİŞİSEL İSİM | |
| Kişisel Ad | Özdemir, Soner |
| 942 ## - EKLENDİ GİRİŞ ELEMANLARI (KOHA) | |
| Sınıflandırma Veya Raf Düzeni Kaynak | Dewey Decimal Classification |
| Koha Öğesi Türü | Books |
| 999 ## - SİSTEM KONTROL NUMARALARI (KOHA) | |
| Koha Biblionumber | 10022 |
| Koha Biblioitemnumber | 10022 |
| Kalıcı Konum | Mevcut Konum | Edinme Tarihi | Edinim Kaynak | Toplam Check-Out'Lar | Tam Çağrı Numarası | Barkod | Tarih Son Görülme | İtibaren Geçerli Fiyatlar | Koha Öğesi Türü | Seri Numaralandırma / Kronolojik |
|---|---|---|---|---|---|---|---|---|---|---|
| CHP Kütüphanesi | CHP Kütüphanesi | 10/09/2016 | Bağış | 759.9561 İ93d 2002 | 006676 | 10/09/2016 | 10/09/2016 | Books | ||
| CHP Kütüphanesi | CHP Kütüphanesi | 10/10/2016 | Bağış | 759.9561 İ93d 2002 | 006702 | 10/10/2016 | 10/10/2016 | Books | c.2 |
